| 000 | 00544nam a22001697a 4500 | ||
|---|---|---|---|
| 005 | 20260428083934.0 | ||
| 008 | 260428b |||||||| |||| 00| 0 eng d | ||
| 040 | _aDLSCC | ||
| 041 | _aeng | ||
| 110 |
_aASSEB _bAlternative English |
||
| 245 | _aHS 1st year Alternative English 2026. | ||
| 260 |
_aAssam: _bAssam State School Education Board; _c2026. |
||
| 300 | _a5p. | ||
| 650 | _aAlternative English | ||
| 856 |
_uhttps://drive.google.com/file/d/1c0QAIXk1z7vgwsOuWm8gjD32LLXjLzwB/view?usp=sharing _yCLICK TO VIEW ONLINE |
||
| 942 |
_2ddc _cQP |
||
| 999 |
_c16435 _d16435 |
||